00475 2200169 4500001002100000008004100021035002000062245006900082100002200151260004500173300001200218020002200230084001400252082000800266650001200274990001900286INLIS000000000003541 ind  a0010-0824000040 aZaman LogambSeri mengenal Kehidupan Pra Aksara 2cArman Badriza aSaptika, Andarini aDepok :bPT. Media Cerdas Nasionalc2014 a58 hlm. a978-602-9168-85-3 a930 AND z a930 aSejarah aP29/CP/24/3540